|
|
|
|
| LEADER |
00000nam a2200000 i 4500 |
| 001 |
DIGEDUFV0003 |
| 003 |
NyNyDIG |
| 006 |
m o d |
| 008 |
210118s2019 sp o 000 0aspa d |
| 007 |
cr ||||||||||| |
| 035 |
|
|
|a (OCoLC)1158585981
|
| 040 |
|
|
|a DGITA
|b eng
|e rda
|e pn
|c DGITA
|
| 020 |
|
|
|a 9788417641535
|q edición digital
|q pdf
|
| 020 |
|
|
|a 841764153X
|q edición digital
|q pdf
|
| 020 |
|
|
|a 9788418360053
|q edición digital
|q ePub
|
| 020 |
|
|
|a 8418360054
|q edición digital
|q ePub
|
| 020 |
|
|
|z 9788417641528
|q edición papel
|
| 020 |
|
|
|z 8417641521
|q edición papel
|
| 041 |
1 |
|
|a spa
|h eng
|
| 050 |
1 |
4 |
|a BX5995.O615 ebook
|
| 082 |
0 |
4 |
|a 283.092
|
| 100 |
1 |
|
|a Ordway, Holly,
|e author.
|
| 240 |
1 |
0 |
|a Not God's type.
|l Spanish
|s (Hermoso Oliveras)
|
| 245 |
1 |
0 |
|a Dios no va conmigo /
|c Holly Ordway ; prólogo de John Mark N. Reynolds ; traducción de Julio Hermoso.
|
| 250 |
|
|
|a Primera edición
|
| 264 |
|
1 |
|a Madrid :
|b Universidad Francisco de Vitoria, UFV Editorial :
|b Instituto John Henry Newman,
|c 2019.
|
| 300 |
|
|
|a 1 online resource.
|
| 336 |
|
|
|a text
|b txt
|2 rdacontent
|
| 337 |
|
|
|a computer
|b c
|2 rdamedia
|
| 338 |
|
|
|a online resource
|b cr
|2 rdacarrier
|
| 347 |
|
|
|a text file
|2 rdaft
|
| 347 |
|
|
|b PDF
|
| 347 |
|
|
|b EPUB
|
| 490 |
1 |
|
|a Colección Instituto John Henry Newman
|
| 588 |
0 |
|
|a Online resource; title from PDF title page (Digitalia, viewed January 20, 2021)
|
| 600 |
1 |
0 |
|a Ordway, Holly.
|
| 650 |
|
0 |
|a Catholic converts
|z United States
|v Biography.
|
| 650 |
|
0 |
|a Anglican converts
|z United States
|v Biography.
|
| 650 |
|
0 |
|a Christianity and atheism.
|
| 655 |
|
0 |
|a Electronic books.
|
| 700 |
1 |
|
|a Hermoso Oliveras, Julio,
|e translator.
|
| 700 |
1 |
|
|i Translation of:
|a Ordway, Holly.
|t Not God's type.
|
| 791 |
2 |
|
|a Digitalia (Firm),
|e distributor.
|
| 793 |
0 |
|
|g Digitalia eBook Collection:
|a Editorial Universidad Francisco de Vitoria
|
| 776 |
0 |
8 |
|i Print version:
|a Ordway, Holly.
|s Not God's type. Spanish (Hermoso Oliveras).
|t Dios no va conmigo.
|b Primera edición
|z 9788417641528
|
| 830 |
|
0 |
|a Colección Instituto John Henry Newman ;
|v No. 11.
|
| 856 |
4 |
0 |
|3 Digitalia Hispánica
|u https://www.digitaliapublishing.com/a/61838/
|
| 910 |
|
|
|a Premium collection: 2021
|